Using WordPerfect 5 (Record no. 69558)

MARC details
000 -LEADER
fixed length control field 00503nam a22001697a 4500
005 - DATE AND TIME OF LATEST TRANSACTION
control field 20230707143141.0
040 ## - CATALOGING SOURCE
Transcribing agency urs
050 ## - LIBRARY OF CONGRESS CALL NUMBER
Classification number Z 52.5 W65 S73 1988
245 ## - TITLE STATEMENT
Title Using WordPerfect 5
Statement of responsibility, etc Charles O. Stewart, III and twelve others
260 ## - PUBLICATION, DISTRIBUTION, ETC. (IMPRINT)
Place of publication, distribution, etc Carmel, Indiana
Name of publisher, distributor, etc Que Corporation
Date of publication, distribution, etc 1988
336 ## - CONTENT TYPE
Source rdacontent
Content type term text
Content type code txt
337 ## - MEDIA TYPE
Source rdamedia
Media type term unmediated
Media type code n
338 ## - CARRIER TYPE
Source rdacarrier
Carrier type term volume
Carrier type code nc
650 #0 - SUBJECT ADDED ENTRY--TOPICAL TERM
9 (RLIN) 5328
Topical term or geographic name as entry element WordPerfect (Computer file)
650 #0 - SUBJECT ADDED ENTRY--TOPICAL TERM
9 (RLIN) 4430
Topical term or geographic name as entry element Word processing
942 ## - ADDED ENTRY ELEMENTS (KOHA)
Source of classification or shelving scheme Library of Congress Classification
Koha item type Foreign Books
Holdings
Withdrawn status Lost status Source of classification or shelving scheme Damaged status Not for loan Home library Current library Shelving location Date acquired Total Checkouts Full call number Barcode Date last seen Price effective from Koha item type
    Library of Congress Classification     Binangonan College Library Binangonan College Library Foreign Section 07/07/2023   Z 52.5 W65 S73 1988 URSBIN-FR1856 07/07/2023 07/07/2023 Foreign Books

University of Rizal System
Email us at univlibservices@urs.edu.ph

Visit our Website www.urs.edu.ph/library